000 01138cam a22003011 4500
001 ne 68004674
003 DLC
005 20260227111851.0
008 901127q19601968le h b 000 0darar
010 _ane 68004674
025 _aPL480:UAR-8967
035 _a(OCoLC)22742763
040 _aDLC
_cWaU
_dDLC
042 _apremarc
043 _aaw-----
_aff-----
050 0 0 _aD198.3
_b.M78 1960z
100 0 _aMuḥammad ibn Ḥabīb,
_d-860.
245 1 0 _aKitāb al-muḥabbar,
_cli-Abī Jaʻfar Muḥammad ibn Ḥabīb ibn Ummīyah ibn ʻAmr al-Hāshimī al-Baghdādī. Wa-qad iʻtanat bi-taṣḥīḥ hādhā al-kitāb Īlzah Līkhtanshtaytar.
260 _aBayrūt,
_bal-Maktab al-Tijārī lil-Ṭibāʻah wa-al-Nashr wa-al-Tawzīʻ
_c[196-?]
300 _a6, 752 p.
_bfacsim.
_c25 cm.
440 0 _aDhakhāʼir al-turāth al-ʻArabī
500 _aCover title: Kitāb al-muḥabbir [taʼlīf] Abī Jaʻfar Muḥammed iben Ḥabīb.
504 _aBibliographical footnotes.
651 0 _aIslamic Empire
_vBiography.
650 0 _aArabs
_vBiography.
700 1 _aLichtenstadter, Ilse,
_d1907-
_eed.
740 0 _aMuḥabbar.
999 _c51115
_d51115